Catalog

Record Details

Catalog Search



Jesus freaks : ten years after... Cover Image Book Book

Jesus freaks : ten years after... JF international

JF international (Author).

Record details

  • ISBN: 3-417-24156-1
  • Physical Description: 112 S.
  • Publisher: Wuppertal R. Brockhaus Verlag 2001

Available copies

  • 1 of 1 copy available at Common Catalog SPOK.

Holds

  • 0 current holds with 1 total copy.
Show Only Available Copies
Location Call Number / Copy Notes Barcode Shelving Location Status Due Date
ETS Library 261.5780 424470006691 Volný výběr Available -

LDR 00642nam a2 00241
00141138
003CZ-PrJAB
00520040121000000.0
008020125s2001 xr e |||| |ger
009ge
020 . ‡a3-417-24156-1
035 . ‡a(CONS)4569
035 . ‡aKPS10687
040 . ‡aABG450
041 . ‡ager
08214. ‡a261.5780
110 . ‡aJF international
245 . ‡aJesus freaks : ‡bten years after... ‡cJF international
260 . ‡aWuppertal ‡bR. Brockhaus Verlag ‡c2001
300 . ‡a112 S.
653 . ‡aJesus freaks ‡aten years after...
8524 . ‡bETS ‡bETS ‡cVolný výběr ‡j261.5780 ‡gA ‡p424470006691
910 . ‡aABG450
999 . ‡a4569 ‡bAUTOGEN ‡c4569 ‡tbiblio
905 . ‡uadmin
901 . ‡a41138 ‡b ‡c41138 ‡tbiblio ‡sets

Additional Resources